150 degrés méridiens de l'est des pays - Statistiques

Statistiques générales
  • Ce quiz a été pris 17 fois
  • Le résultat moyen est 18 sur 20
Statistiques - réponses
degrés pays % Correct
Australie
100%
15.24° Chine
100%
19.32° Corée du Nord
100%
19.06° Corée du Sud
100%
4.18° Japon
100%
16.37° Nouvelle-Zélande
100%
23.41° Philippines
100%
15.36° Palaos
93%
Papouasie-Nouvelle- Guinée
93%
Russie
93%
28.00° Taïwan
93%
27.09° Fidji
87%
15.24° Îles Marshall
87%
9.00° Indonésie
87%
0.06° Micronésie
87%
16.91° Nauru
87%
28.30° Tuvalu
87%
6.37° Salomon
80%
22.72° Timor-Leste
80%
16.52° Vanuatu
73%
Aucun quiz correspondant
Distribution des résultats
% des personnes avec chaque résultat
Percentile par nombre de réponses
Votre historique - résultats
Vous n’avez pas pris ce quiz